banner-ar

الفن والحس / (Record no. 58562)

MARC details
000 -الفاتح
حقل البيانات ثابتة الطول 00593nam a2200217Ia 4500
008 - عناصر البيانات ثابتة الطول - معلومات عامة
حقل البيانات ثابتة الطول 140319s9999 xx 000 0 ara d
040 ## - مصدر الفهرسة
وكالة الفهرسة الأصلية GCL /
وكالة النسخ GCL
082 04 - رقم تصنيف ديوى العشرى
رقم التصنيف 701.18
رقم المادة د ف
100 1# - المدخل الرئيسى - إسم شخصى
الإسم الشخصى ديرمية، ميشال
245 10 - بيان العنوان
العنوان الفن والحس /
بيان المسئوليه,etc ديرمية، ميشال
700 1# - المدخل الاضافى - اسم شخصى
الإسم الشخصى وجيه البعينى
260 ## - PUBLICATION, DISTRIBUTION, ETC. (IMPRINT)
تاريخ النشر أو التوزيع 1988
300 ## - الوصف المادى
التعداد 473 ص ؛
أبعاد الوعاء 19 سم
490 ## - بيان السلسلة
عنوان السلسلة
650 04 - المدخل الاضافى بالموضوع-مصطلح موضوعى
مصطلح موضوعي النقد
650 04 - المدخل الاضافى بالموضوع-مصطلح موضوعى
مصطلح موضوعي الفلسفة
650 04 - المدخل الاضافى بالموضوع-مصطلح موضوعى
مصطلح موضوعي الفن
650 04 - المدخل الاضافى بالموضوع-مصطلح موضوعى
مصطلح موضوعي التذوق الفنى
942 ## - عناصر المدخل الإضافي( كوها)
مصدر التصنيف او مخطط الترفيف Dewey Decimal Classification
Koha [default] item type كتاب
260 ## - PUBLICATION, DISTRIBUTION, ETC. (IMPRINT)
-- بيروت :
-- دار الحداثة ،
Holdings
حالة التراجع حالة الفقد حالة تلف ليس للاعارة المكان المؤقت الموقع الحالى تاريخ الاكتساب اجمالي اﻻعارات رقم الطلب الباركود تاريخ اخر مشاهدة تاريخ تفعيل السعر نوع وعاء كوها
        مكتبة القاهرة الكبرى مكتبة القاهرة الكبرى 03/26/2014   701.18\د ف 151881 03/26/2014 03/26/2014 كتاب
        مكتبة القاهرة الكبرى مكتبة القاهرة الكبرى 03/26/2014   701.18\د ف 151882 03/26/2014 03/26/2014 كتاب
        مكتبة القاهرة الكبرى مكتبة القاهرة الكبرى 03/26/2014   701.18\د ف 151883 03/26/2014 03/26/2014 كتاب
        مكتبة القاهرة الكبرى مكتبة القاهرة الكبرى 03/26/2014   701.18\د ف 151884 03/26/2014 03/26/2014 كتاب

Powered By

EGPV